000 00912nam a22002417a 4500
999 _c7969
_d7969
003 AR-CdUCM
008 190321b ||||| |||| 00| 0 spa d
020 _a9972-804-34-8
040 _aMUNICIPALIDAD PROVINCIAL DEL CUSCO
_cBIBLIOTECA MUNICIPAL DEL CUSCO
082 _a362.1 /
_bC 2
110 _aII Conferencia Nacional de Salud
_922520
245 _aHacia una reforma sanitaria por el derecho a la salud
260 _aLima :
_bForoSalud,
_bConsorcio de Investigación Económica y Social,
_c2005.
300 _a230 páginas
_bgráficos ;
_c21 cm.
500 _aPropuetas presentadas en la II Conferencia Nacional de Salud realizada en agosto de 2004, en la ciudad de Lima.
650 _aPolítica sanitaria
_922521
650 _aSalud pública
_96404
650 _aEnsayos, conferencias, etc.
_910020
650 _aProblemas sociales
_92254
650 _aPerú
_935
942 _2ddc
_cLIBROS
945 _azta